[Event "ITA Amato mem corr"]
[Site "Italy"]
[Date "1983.??.??"]
[Round "?"]
[White "Mancini, Massimo"]
[Black "Mauro, Lucio"]
[Result "0-1"]
[WhiteElo "1975"]
[BlackElo "1605"]
[PlyCount "70"]
[EventDate "1983.??.??"]
[EventType "tourn (corr)"]
[EventRounds "10"]
[EventCountry "ITA"]
[SourceTitle "Corr 2002"]
[Source "ChessBase"]
[SourceDate "2002.05.23"]
[SourceVersion "1"]
[SourceVersionDate "2002.05.23"]
[SourceQuality "1"]

1. e4 e5 2. Nf3 Nc6 3. Bb5 a6 4. Ba4 Nf6 5. 0-0 Be7 6. Re1 b5 7. Bb3 0-0 8. c3 d6 9. h3 Nb8 10. d4 Nbd7 11. Nbd2 Bb7 12. Bc2 c5 13. Nf1 Re8 14. Ng3 Bf8 15. d5 g6 16. Nh2 a5 17. Bg5 Bg7 18. Ng4 Qc7 19. Qf3 Nxg4 20. hxg4 h6 21. Be3 c4 22. a3 Bc8 23. Nf5 gxf5 24. gxf5 Kh7 25. g4 f6 26. g5 fxg5 27. Bxg5 Nf6 28. Bxf6 Bxf6 29. Qh5 Rg8+ 30. Kh1 Rg5 31. Qe8 Bxf5 32. Qxa8 Qg7 33. Qe8 Bd7 34. Qxd7 Rh5+ 35. Qh3 Rxh3# 0-1